The elements of non-Euclidean geometry

Αποθηκεύτηκε σε:
Λεπτομέρειες βιβλιογραφικής εγγραφής
Κύριος συγγραφέας: Sommerville, Duncan M'Laren Young, 1879-1934
Μορφή: Βιβλίο
Γλώσσα:English
Δημοσίευση: New York : Dover Publications, 1958
Θέματα:
Ετικέτες: Προσθήκη ετικέτας
Δεν υπάρχουν, Καταχωρήστε ετικέτα πρώτοι!

MARC

LEADER 00000cam a2200000 i 4500
001 1/106091
008 090612s1958 eng d
035 |l 10105074 
040 |a GR-MY-UA  |b gre  |e aacr 
041 0 |a eng 
082 0 |a 516.9  |2 (22) 
100 1 |a Sommerville, Duncan M'Laren Young,   |d 1879-1934. 
245 1 4 |a The elements of non-Euclidean geometry /  |c by D. M. Y. Sommerville 
260 |a New York :   |b Dover Publications,   |c 1958 
300 |a xvi, 274 σ.;  |b εικ.;  |c 21 εκ. 
504 |a Περιέχει ευρετήριο 
650 0 0 |a Geometry, Non-Euclidean. 
852 |a INST  |b SAMOS  |c MAG  |e 20090612  |h 516.9 SOM  |p 005300028574  |q 005300028574  |t BK  |y 0 
901 |a BIBL3-2009-2 
909 |a Σ  |b 158078 
970 |a ΚΟΣΙΕΡΗΣ  |b ΧΡΗΣΤΟΣ  |z 2009/06/12